| 000 | 01694cam a22004574i 4500 | ||
|---|---|---|---|
| 003 | PE-LiUPU | ||
| 005 | 20250731173122.0 | ||
| 008 | 150623s r 000 0 d | ||
| 020 | _a987940341X | ||
| 035 | _a(Sirsi) i9789879403419 | ||
| 040 |
_aPE-LiUPU _bspa _cPE-LiUPU _erda |
||
| 049 | _aPRUA | ||
| 082 | 0 | 4 |
_a266.001 _bI42F _221 |
| 110 | 2 | _aMinisterios Comunitarios de la Fundación Kairós; Buenos Aires | |
| 245 | 1 | 0 |
_aIglesia, comunidad y cambio? : _bmanual del facilitador. |
| 264 | 1 |
_aBuenos Aires : _bEdiciones Kairós, _c2002. |
|
| 300 |
_a104 páginas : _bilustraciones, gráficos ; _c28 centímetros |
||
| 336 |
_atext _2rdacontent |
||
| 337 |
_aunmediated _2rdamedia |
||
| 338 |
_avolume _2rdacarrier |
||
| 504 | _aIncluye bibliografía. | ||
| 505 | 0 | _aEtapa previa, Fase 1. Formularios de evaluación. -Objetivo de la fase 2. Sugerencias adicionales. Formularios de resumen de información y de evaluación. -Fundamentación. Formulario de evaluación. | |
| 526 | _aSEG42 | ||
| 526 | _aSEG41 | ||
| 526 | _aSEG40 | ||
| 526 | _aSEG39 | ||
| 526 | _aP94 | ||
| 526 | _aP87 | ||
| 526 | _aP86 | ||
| 526 | _aP85 | ||
| 526 | _aP77 | ||
| 526 | _aP76 | ||
| 526 | _aP35 | ||
| 650 | 0 | 4 |
_aMisión de la iglesia en comunidades _vManuales. |
| 942 |
_2ddc _cBOOK |
||
| 949 |
_a266.001 I42F _wDEWEY _c1 _i49658 _lCCODEBUL1 _mBUL _r0 _sY _tBOOK _u2015-6-24 _xTEOLOGIA _PP35 _0COMPRA _o.STAFF. Colección General |
||
| 994 |
_aC0 _bPEPRU |
||
| 596 | _a1 | ||
| 999 |
_a266.001 I42F _wDEWEY _c32493 _i49658 _f2021-11-10 _g5 _lCCODEBUL1 _mBUL _q1 _r0 _sY _tBOOK _u2015-6-24 _xTEOLOGIA _PP35 _0COMPRA _o.STAFF. Colección General _d32493 |
||
| 980 |
_81 _gALBERTO SANCHEZ Responsable de Automatización |
||